All Countries by Former Flag - Statistics

General Stats
  • This quiz has been taken 58 times
  • The average score is 45 of 196
Answer Stats
Picture Answer % Correct
Brazil
95%
China
93%
Italy
88%
Saudi Arabia
88%
United States
86%
United Kingdom
83%
Lebanon
74%
South Africa
69%
Bhutan
62%
South Korea
62%
Serbia
60%
North Korea
57%
Mexico
55%
Albania
52%
Philippines
52%
Saint Lucia
52%
Hungary
50%
Ireland
50%
Spain
50%
Sweden
50%
Cambodia
48%
Ecuador
48%
France
48%
Niger
48%
Rwanda
48%
San Marino
48%
Syria
48%
Turkey
48%
Belgium
45%
Burundi
45%
Canada
45%
Honduras
45%
Jordan
45%
Libya
45%
Qatar
45%
Somalia
45%
Venezuela
45%
Austria
43%
Bahrain
43%
Croatia
43%
Ethiopia
43%
Mauritania
43%
Mozambique
43%
Thailand
43%
Germany
40%
Laos
40%
Nepal
40%
Netherlands
40%
Poland
40%
Portugal
40%
Greece
38%
Malawi
36%
Taiwan
36%
Equatorial Guinea
33%
Guyana
33%
South Sudan
33%
Costa Rica
31%
D.R. Congo
31%
Iran
31%
Oman
31%
Peru
31%
Romania
31%
Argentina
29%
Azerbaijan
29%
Belarus
29%
Georgia
29%
Iraq
29%
Moldova
29%
Slovenia
29%
Switzerland
29%
Turkmenistan
29%
Ukraine
29%
Indonesia
26%
Lithuania
26%
Luxembourg
26%
North Macedonia
26%
Pakistan
26%
Uganda
26%
Cameroon
24%
Denmark
24%
Eswatini
24%
Finland
24%
Guinea-Bissau
24%
Myanmar
24%
Papua New Guinea
24%
Russia
24%
Tajikistan
24%
Uzbekistan
24%
Colombia
21%
Gabon
21%
Saint Vincent and the Grenadines
21%
Tanzania
21%
Zimbabwe
21%
Afghanistan
19%
Kosovo
19%
Kyrgyzstan
19%
Norway
19%
Yemen
19%
Bahamas
17%
East Timor
17%
Haiti
17%
Mongolia
17%
Montenegro
17%
Panama
17%
Republic of the Congo
17%
Tonga
17%
Tuvalu
17%
Barbados
14%
El Salvador
14%
Israel
14%
Kuwait
14%
Monaco
14%
Namibia
14%
Andorra
12%
Benin
12%
Comoros
12%
Egypt
12%
Armenia
10%
Cuba
10%
Eritrea
10%
Estonia
10%
Morocco
10%
Vatican City
10%
Bosnia and Herzegovina
7%
Central African Republic
7%
Chile
7%
Dominica
7%
Grenada
7%
Mauritius
7%
Nauru
7%
Nicaragua
7%
Nigeria
7%
Slovakia
7%
Sudan
7%
Suriname
7%
Australia
5%
Bolivia
5%
Burkina Faso
5%
Cyprus
5%
Czech Republic
5%
India
5%
Kazakhstan
5%
Kenya
5%
Liberia
5%
Madagascar
5%
Malaysia
5%
Mali
5%
Togo
5%
United Arab Emirates
5%
Angola
2%
Bangladesh
2%
Botswana
2%
Cape Verde
2%
Chad
2%
Djibouti
2%
Dominican Republic
2%
Gambia
2%
Iceland
2%
Ivory Coast
2%
Jamaica
2%
Japan
2%
Kiribati
2%
Latvia
2%
Malta
2%
Marshall Islands
2%
Palau
2%
Saint Kitts and Nevis
2%
Senegal
2%
Seychelles
2%
Singapore
2%
Solomon Islands
2%
Sri Lanka
2%
Tunisia
2%
Zambia
2%
Algeria
0%
Antigua and Barbuda
0%
Belize
0%
Brunei
0%
Bulgaria
0%
Fiji
0%
Ghana
0%
Guatemala
0%
Guinea
0%
Lesotho
0%
Liechtenstein
0%
Maldives
0%
Marshall Islands
0%
New Zealand
0%
Paraguay
0%
Samoa
0%
Sao Tome and Principe
0%
Sierra Leone
0%
Trinidad and Tobago
0%
Uruguay
0%
Vanuatu
0%
Vietnam
0%
No matching quizzes found
Score Distribution
Percent of People with Each Score
Percentile by Number Answered
Your Score History
You have not taken this quiz